Communicating Linguistics : Language, Community and Public Engagement.

Increasingly, academics are called upon to demonstrate the value of linguistics and explain their research to the wider public. In support of this agenda, Communicating Linguistics provides an overview of the wide range of public engagement activities currently being undertaken in linguistics, as we...

Full description

Bibliographic Details
Main Author: Price, Hazel.
Other Authors: McIntyre, Dan.
Format: eBook
Language:English
Published: Milton : Taylor & Francis Group, 2023.
Edition:1st ed.
Subjects:
Online Access:Click to View
LEADER 01819nam a22003853i 4500
001 EBC7245514
003 MiAaPQ
005 20231204023229.0
006 m o d |
007 cr cnu||||||||
008 231204s2023 xx o ||||0 eng d
020 |a 9781000815504  |q (electronic bk.) 
020 |z 9780367560126 
035 |a (MiAaPQ)EBC7245514 
035 |a (Au-PeEL)EBL7245514 
035 |a (OCoLC)1378936641 
040 |a MiAaPQ  |b eng  |e rda  |e pn  |c MiAaPQ  |d MiAaPQ 
082 0 |a 410.1/4 
100 1 |a Price, Hazel. 
245 1 0 |a Communicating Linguistics :  |b Language, Community and Public Engagement. 
250 |a 1st ed. 
264 1 |a Milton :  |b Taylor & Francis Group,  |c 2023. 
264 4 |c Ã2023. 
300 |a 1 online resource (265 pages) 
336 |a text  |b txt  |2 rdacontent 
337 |a computer  |b c  |2 rdamedia 
338 |a online resource  |b cr  |2 rdacarrier 
520 |a Increasingly, academics are called upon to demonstrate the value of linguistics and explain their research to the wider public. In support of this agenda, Communicating Linguistics provides an overview of the wide range of public engagement activities currently being undertaken in linguistics, as well as practically-focused advice. 
588 |a Description based on publisher supplied metadata and other sources. 
590 |a Electronic reproduction. Ann Arbor, Michigan : ProQuest Ebook Central, 2023. Available via World Wide Web. Access may be limited to ProQuest Ebook Central affiliated libraries.  
655 4 |a Electronic books. 
700 1 |a McIntyre, Dan. 
776 0 8 |i Print version:  |a Price, Hazel  |t Communicating Linguistics  |d Milton : Taylor & Francis Group,c2023  |z 9780367560126 
797 2 |a ProQuest (Firm) 
856 4 0 |u https://ebookcentral.proquest.com/lib/matrademy/detail.action?docID=7245514  |z Click to View